| 000 | 01465nam a22003017a 4500 | ||
|---|---|---|---|
| 003 | OSt | ||
| 005 | 20201002093423.0 | ||
| 008 | 201002s2017 ck ad||gr|||| 00| 0 spa d | ||
| 020 | _a9789588934624 | ||
| 040 |
_aCO-JMCR _cCO-JMCR |
||
| 041 | 0 | _aspa | |
| 082 | 0 | 4 |
_a340.1 / _bA282l _223 |
| 100 | 1 |
_aAgudelo Giraldo, Oscar Alexis, _eautor _911124 |
|
| 245 | 1 | 0 |
_aLógica aplicada al razonamiento del derecho / _cOscar Alexis Agudelo Giraldo, Manuel Asdrúbal Prieto Salas, Jorge Enrique León Molina, [y otro 1]. |
| 250 | _aSegunda edición | ||
| 260 |
_aBogotá : _bUniversidad Catolica de Colombia, _c2017. |
||
| 300 |
_a154 páginas : _bilustraciones a blanco y negro ; _c24 cm. |
||
| 490 |
_aFilosofía ; _v3 |
||
| 504 | 0 | _aBibliografía: páginas 153. | |
| 505 | 0 | _aSubsunción y aplicación en el derecho. -- Lógica, derecho y política. -- Derecho, lógica y sistemas. -- Operatividad lógica de los sistemas maestros | |
| 520 | 0 | _aLos campos de interrelación entre la lógica y el derecho estriban en disciplinas como la lógica jurídica, la lógica de normas, la lógica de proposiciones normativas la lógica deóntica y lógica de los sistemas jurídicos. | |
| 650 | 2 | 4 |
_aFilosofía del derecho _97925 |
| 650 | 2 | 4 |
_aArgumentación jurídica _99824 |
| 650 | 2 | 4 |
_aInterpretación del derecho _97942 |
| 700 | 1 |
_aPrieto Salas, Manuel Asdrúbal, _eautor _911125 |
|
| 700 | 1 |
_aLeón Molina, Jorge Enrique, _eautor _911126 |
|
| 942 |
_2ddc _cBK |
||
| 999 |
_c6896 _d6896 |
||